| 000 | 00914nam a2200277 a 4500 | ||
|---|---|---|---|
| 001 | 1143 | ||
| 003 | BR-CuiBMT | ||
| 005 | 20231130161847.0 | ||
| 008 | 231129s2010 spb 000 0 por d | ||
| 020 | _a9788539200290 | ||
| 040 |
_aBR-CuiBMT _cBR-CuiBMT |
||
| 080 |
_22007 _a351.712.2.02 |
||
| 090 |
_a351.712.2.02 _bM775l _c2. ed. |
||
| 100 | 1 | _aMonteiro, Vera | |
| 245 | 1 | 0 |
_aLicitação na modalidade de pregão : _b(Lei 10.520, de 17 de julho de 2002) / _cVera Monteiro. |
| 250 | _a2. ed. | ||
| 260 |
_aSão Paulo : _bMalheiros, _c2010. |
||
| 300 |
_a286 p. ; _c21 cm |
||
| 490 | 1 |
_aTemas de direito administrativo ; _vv. 9 |
|
| 504 | _aInclui bibliografia. | ||
| 650 |
_aLicitação _xCompras governamentais _zBrasil |
||
| 650 |
_aPregão _xCompras governamentais _zBrasil |
||
| 650 |
_aDireito administrativo _vLegislação _zBrasil |
||
| 830 | 0 |
_aTemas de direito administrativo ; _v9 |
|
| 942 |
_2udc _cLV |
||
| 999 |
_c1143 _d1143 |
||